000
00279nam a2200133Ia 4500
008
231017s9999 xx 000 0 und d
082
_a
388.314
082
_b
QUI
245
0
_a
Wim Data Analyst's Manual
245
0
_c
FHWA
260
_b
FHWA
300
_c
30cm
942
_c
REP
999
_c
604424
_d
604424